000 00413 a2200157 4500
001 150794
040 _cEscola São Tomás de Aquino
100 _aJOSÉ, Elias
240 1 0 _aQuem lê com pressa tropeça
_lpor
245 1 0 _aQuem lê com pressa tropeça
300 _a27
362 0 _a1992
440 1 _a
697 _aSistemas de escrita (alfabeto, Braille, abreviaturas, pontuação, etc.)
942 _cBK
999 _c150794
_d150794